El poder jurídico del obispo en la constitución sobre la sagrada liturgia (Registro nro. 69447)
[ vista simple ]
| 000 -LÍDER | |
|---|---|
| Campo fijo de descripción fija | 01204nab a2200193 i 4500 |
| 001 - NÚMERO DE CONTROL | |
| Campo de control | 768714001 |
| 003 - IDENTIFICADOR DEL NÚMERO DE CONTROL | |
| Campo de control | CO-MdFUSB |
| 005 - FECHA Y HORA DE LA ULTIMA TRANSACCIÓN | |
| control field | 20240506095558.0 |
| 008 - ELEMENTOS DE LONGITUD FIJA -- INFORMACIÓN GENERAL | |
| Campo fijo de descripción fija -- Información general | 240430t1965 sp ||||| |||| 00| 0 spa d |
| 040 ## - FUENTE DE CATALOGACIÓN | |
| Idioma de catalogación | |
| Agencia que realiza la transcripción | CO-MdFUSB |
| Agencia que realiza la modificación | CO-MdFUSB |
| 100 ## - ASIENTO PRINCIPAL--NOMBRE PERSONAL | |
| Nombre personal | McManus, Frederick, |
| Término relacionador | autor |
| 245 #3 - TÍTULO | |
| Título | El poder jurídico del obispo en la constitución sobre la sagrada liturgia |
| Mención de responsabilidad | / Frederick McManus |
| 520 ## - NOTA DE RESUMEN, ETC. | |
| Nota de sumario, etc. | En la Constitución sobre la sagrada liturgia la afirmación fundamental relativa al poder jurídico del obispo se encuentra en el artículo 22. Al atribuir la reglamentación de la sagrada liturgia a la Sede Apostólica y, ad normam iuris, al obispo, dicho artículo se sitúa en abierto contraste frente al canon 1257 del C. I. C., que antes del Vaticano II resumía el ejercicio de la autoridad litúrgica dentro de la Iglesia latina. Lo anterior será analizado en esta nota. |
| 650 #7 - ASIENTO SECUNDARIO DE MATERIA - TERMINO TEMÁTICO | |
| Término temático o nombre geográfico como elemento de entrada | Liturgia |
| 9 (RLIN) | 206 |
| 650 #7 - ASIENTO SECUNDARIO DE MATERIA - TERMINO TEMÁTICO | |
| Término temático o nombre geográfico como elemento de entrada | Clero -- |
| Término temático que sigue al nombre geográfico como elemento de entrada | Actividad política |
| 9 (RLIN) | 41 |
| 773 0# - ASIENTO DE ITEM FUENTE | |
| Biblionumber | 49450 |
| Itemnumber | 82561 |
| Otro identificador del ítem | R2492 |
| Título | Revista internacional de teología Concilium |
| Número de control del registro | (CO-MdFUSB)8 |
| Número Internacional Normalizado para Publicaciones Seriadas (ISSN) | 0210-1041 |
| Parte(s) relacionada(s) / Volumen., número. (mes año), páginas | Número 2, (febrero, 1965), páginas: 32 - 50 |
| Enumeración y primera página | página: 32 |
| 942 ## - TIPO DE MATERIAL (KOHA) | |
| Tipo de Item KOHA | Artículos de Revista |
| 945 ## - INFORMACIÓN LOCAL DEL REGISTRO | |
| Catalogador | Catherine Arias Álvarez practicante SENA |
No hay ítems disponibles.
